000 00534nam a22001817a 4500
003 CEME
005 20210628210101.0
008 210211b xxu||||| |||| 00| 0 eng d
020 _a81-203-1540-5
040 _c.
082 _a004.6 MCG
100 _aShepker, Mathews Mcgehee, Brad.M Kraft, Rob
_978088
245 _aUsing microsoft sql server 7.0 simple solutions essentials skills
260 _aNEW DELHI
_bPRENTICE HALL
_c1999
300 _a746P
650 _aMICROSOFT SQL SERVER 7.0 SQL SERVER 7.0
_978089
942 _cBK
_2ddc
999 _c583241
_d583241